| 000 | 00856nam a22002417a 4500 | ||
|---|---|---|---|
| 003 | OSt | ||
| 005 | 20250225143947.0 | ||
| 008 | 250225b ||||| |||| 00| 0 spa d | ||
| 020 | _a9786287658134 | ||
| 040 | _cCO-Mq BPB | ||
| 041 | _aspa | ||
| 082 |
_aJH _bQUIN |
||
| 100 |
_aLavado, Joaquin (Quino); _d1932-2020, _eautor |
||
| 245 | _aMafalda 3 | ||
| 264 |
_aBogotá; _bPenguin Random House, _c2024 |
||
| 300 |
_a96 paginas; _bTapa rustica, ilustraciones a blanco y negro _c19 x 13 cm |
||
| 490 | _aVolumen 3 | ||
| 521 | _a través de Mafalda y sus amigos Quino reflexiona con humor crítico e inteligente sobre la política, la economía y la sociedad en general. Malfalda ha sido traducida y publicada en varios idiomas y países. | ||
| 650 | _aHistorieta juvenil | ||
| 650 | _aTiras cómicas | ||
| 650 | _aObra universal | ||
| 942 |
_2ddc _cBKLIT |
||
| 999 |
_c15829 _d15829 |
||